Building the iCub Mindware: Open-source Software for Robot Intelligence and Autonomy (Record no. 23738)
[ view plain ]
| 000 -LEADER | |
|---|---|
| fixed length control field | 00606nam a2200133Ia 4500 |
| 008 - FIXED-LENGTH DATA ELEMENTS--GENERAL INFORMATION | |
| fixed length control field | 220620s9999||||xx |||||||||||||| ||und|| |
| 020 ## - INTERNATIONAL STANDARD BOOK NUMBER | |
| International Standard Book Number | 9782890000000 |
| 245 #0 - TITLE STATEMENT | |
| Title | Building the iCub Mindware: Open-source Software for Robot Intelligence and Autonomy |
| 546 ## - LANGUAGE NOTE | |
| Language note | English[eng] |
| 650 ## - SUBJECT ADDED ENTRY--TOPICAL TERM | |
| Topical term or geographic name entry element | iCub||open-source||intelligence||autonomy||code |
| 700 ## - ADDED ENTRY--PERSONAL NAME | |
| Personal name | Pucci, Daniele||Tikhanoff, Vadim||Pattacini, Ugo||Petit, Maxime||Jamone, Lorenzo |
| 856 ## - ELECTRONIC LOCATION AND ACCESS | |
| Uniform Resource Identifier | <a href="https://www.frontiersin.org/research-topics/5435/building-the-icub-mindware-open-source-software-for-robot-intelligence-and-autonomy#overview">https://www.frontiersin.org/research-topics/5435/building-the-icub-mindware-open-source-software-for-robot-intelligence-and-autonomy#overview</a> |
| 942 ## - ADDED ENTRY ELEMENTS (KOHA) | |
| Koha item type | E-Books |
| Withdrawn status | Lost status | Damaged status | Not for loan | Home library | Current library | Date acquired | Total Checkouts | Date last seen | Price effective from | Koha item type |
|---|---|---|---|---|---|---|---|---|---|---|
| Kerala University of Digital Sciences, Innovation and Technology Knowledge Centre | Kerala University of Digital Sciences, Innovation and Technology Knowledge Centre | 20/06/2022 | 20/06/2022 | 20/06/2022 | E-Books |